[Event "ROM-ch U10"]
[Site "Calimanesti Caciulata"]
[Date "2016.04.20"]
[Round "3"]
[White "Dorobantu, Fanurie Florin"]
[Black "Belgiu, Radu Matei"]
[Result "1-0"]
[WhiteElo "1242"]
[BlackElo "1001"]
[PlyCount "50"]
[EventDate "2016.04.18"]
[EventType "swiss"]
[EventRounds "9"]
[EventCountry "ROU"]
[SourceTitle "CBM 172 Extra"]
[Source "ChessBase"]
[SourceDate "2016.06.21"]
[SourceVersion "1"]
[SourceVersionDate "2016.06.21"]
[SourceQuality "1"]

1. e4 e5 2. Nf3 Nc6 3. Nc3 Nf6 4. Bc4 Bc5 5. d3 d6 6. h3 Be6 7. Bb3 Bxb3 8. axb3 0-0 9. Bg5 Bb4 10. 0-0 Bxc3 11. bxc3 h6 12. Bh4 d5 13. exd5 Qxd5 14. Bxf6 gxf6 15. Qd2 e4 16. Ne1 Qg5 17. Qxg5+ hxg5 18. dxe4 b5 19. Nd3 Rfe8 20. Ra6 Ne5 21. Rxf6 Nxd3 22. cxd3 Rab8 23. Rf5 f6 24. e5 fxe5 25. Rxg5+ Kf7 1-0